000 01037nam a2200253Ia 4500
999 _c59133
_d59133
003 GCL
005 20240530110152.0
008 140319s9999 xx 000 0 ara d
040 _aGCL /
_cGCL
082 0 4 _a200.9012/
_bك ك
100 1 _aابن الكلبى : ابوالمنذر هشام بن ابى النصر محمد بن السائب بن بشر بن عمرو الكوفى
245 1 0 _aكتاب الاصنام /
_cابوالمنذر هشام بن ابى النصر محمد بن السائب بن بشر بن عمرو الكوفى ابن الكلبى
260 _a[S.N] :
_bالدار القومية للطباعة والنشر ،
_c1924
300 _a111 ص
650 0 4 _aالشعر العربى
650 0 4 _aالادب العربى
650 0 4 _aالعصر الجاهلى
650 0 4 _aدواوين وقصائد
650 0 4 _aالاصنام
650 0 4 _aالمجموعات
700 1 _aمحمد عبدالقادر احمد (محقق).
700 1 _aاحمد محمد عبيد (محقق).
942 _2ddc
_cBK